MARC

LEADER 00000nam0a2200000 4500
001 327111
005 20231102003928.0
035 |a (RuTPU)RU\TPU\book\352771 
090 |a 327111 
100 |a 20170125d1936 m y0rusy50 ca 
101 0 |a rus 
102 |a RU 
105 |a y z 000zy 
200 1 |a Горе от ума  |e комедия в 4-х действиях  |f А. С. Грибоедов  |g Сталинградский краевой драматический театр ; В. М. Энгель-Крон 
210 |a Сталинград  |c [Б. и.]  |d 1936 
215 |a 21 с. 
606 1 |a Спектакль  |x Театр  |2 stltpush  |3 (RuTPU)RU\TPU\subj\55752  |9 73727 
610 1 |a театральная жизнь 
610 1 |a театральная культура 
610 1 |a СССР 
610 1 |a театральные режиссеры 
610 1 |a театральные спектакли 
610 1 |a 20 век 
610 1 |a Сталинград 
610 1 |a история 
675 |a 792.028  |v 4 
700 1 |a Грибоедов  |b А. С.  |c русский писатель и дипломат  |f 1791-1829  |g Александр Сергеевич  |2 stltpush  |3 (RuTPU)RU\TPU\pers\244  |9 124 
702 1 |a Энгель-Крон  |b В. М.  |4 300 
712 0 2 |a Сталинградский краевой драматический театр 
801 1 |a RU  |b 63413507  |c 20170125 
801 2 |a RU  |b 63413507  |c 20180206  |g RCR 
942 |c BK